| 000 | 01767nam a2200397Ia 4500 | ||
|---|---|---|---|
| 001 | ebr10348718 | ||
| 003 | CaPaEBR | ||
| 006 | m u | ||
| 007 | cr cn||||||||| | ||
| 008 | 100924s2007 dcuac sb i001 0 eng d | ||
| 040 |
_aCaPaEBR _cCaPaEBR |
||
| 035 | _a(OCoLC)687738816 | ||
| 050 | 1 | 4 |
_aHG3881 _b.F85444 2007eb |
| 245 | 0 | 0 |
_aFinance and development _h[electronic resource] : _nVolume 44, no. 4, _pGlobal governance : _bwho's in charge / _c[Laura Wallace, editor-in-chief]. |
| 246 | 3 |
_aF&D : _bFinance and development. _nVolume 44, no. 4, _pGlobal governance : who's in charge |
|
| 246 | 3 |
_aFinance & development. _nVolume 44, no. 4, _pGlobal governance : _bwho's in charge |
|
| 260 |
_aWashington, D.C. : _bInternational Monetary Fund, _c2007. |
||
| 300 |
_a57 p. : _bill., ports. |
||
| 490 | 1 |
_aFinance and development, _x0015-1947 ; _vv. 44, no. 4 |
|
| 500 | _a"December 2007". | ||
| 504 | _aIncludes bibliographical references and index. | ||
| 533 |
_aElectronic reproduction. _bPalo Alto, Calif. : _cebrary, _d2011. _nAvailable via World Wide Web. _nAccess may be limited to ebrary affiliated libraries. |
||
| 600 | 1 | 0 |
_aKremer, Michael, _d1964- |
| 650 | 0 |
_aGlobalization _y21st century. |
|
| 650 | 0 |
_aTwenty-first century _vForecasts. |
|
| 650 | 0 |
_aInternational relations _xForecasting. |
|
| 650 | 0 |
_aInternational economic relations _xForecasting. |
|
| 655 | 7 |
_aElectronic books. _2local |
|
| 700 | 1 | _aWallace, Laura. | |
| 710 | 2 | _aWorld Bank. | |
| 710 | 2 | _aInternational Monetary Fund. | |
| 710 | 2 | _aWorld Bank Group. | |
| 710 | 2 | _aebrary, Inc. | |
| 830 | 0 |
_aFinance and development ; _vv. 44, no. 4. |
|
| 856 | 4 | 0 |
_uhttp://site.ebrary.com/lib/rucke/Doc?id=10348718 _zAn electronic book accessible through the World Wide Web; click to view |
| 999 |
_c42160 _d42160 |
||